Compressor handbook /

Guardado en:
Otros Autores: Hanlon, Paul C.
Formato: Libro
Idioma:English
Publicado: New York : McGraw-Hill, c2001.
Materias:
Acceso en línea:Tabla de contenido
Descripción
Biografía
Etiquetas: Agregar Etiqueta
Sin Etiquetas, Sea el primero en etiquetar este registro!
LEADER 00922cam a22002534a 4500
001 EIQ.libpla004281
008 001005s2001####nyua#####bf###001#0#eng##
005 20121129113845.0
245 0 0 |a Compressor handbook /  |c Paul C. Hanlon, editor. 
260 |a New York :  |b McGraw-Hill,  |c c2001. 
300 |a 1 v. (en varias paginaciones) :  |b il. ;  |c 25 cm. 
504 |a Incluye referencias bibliográficas e índice. 
020 |a 0070260052 
700 1 |a Hanlon, Paul C. 
082 0 0 |a 621.51  |2 21 
650 7 |a Compresores 
650 7 |a Compressor 
010 |a  00051129  
040 |a DLC  |c DLC  |d DLC 
050 0 0 |a TJ990  |b .C623 2001 
856 4 1 |3 Tabla de contenido  |u http://www.loc.gov/catdir/toc/mh021/00051129.html 
856 4 2 |3 Descripción  |u http://www.loc.gov/catdir/description/mh021/00051129.html 
856 4 2 |3 Biografía  |u http://www.loc.gov/catdir/bios/mh041/00051129.html 
859 |a AR-BbSID  |b BIB. PLAPIQUI  |h 621.51  |i H195  |p 6110